[Event "Irena Warakomska Memorial A"]
[Site "Suwalki"]
[Date "2018.08.03"]
[Round "4"]
[White "Bukojemski, Adam"]
[Black "Grinev, Valeriy"]
[Result "0-1"]
[Board "29"]
[WhiteElo "2233"]
[WhiteCountry "POL"]
[WhiteFideId "1114620"]
[WhiteEloChange "-5"]
[BlackElo "2412"]
[BlackTitle "IM"]
[BlackCountry "UKR"]
[BlackFideId "14117517"]
[BlackEloChange "3"]

1. Nf3 {[%clk 1:30:58]} c5 {[%clk 1:30:40]} 2. c4 {[%clk 1:30:29]} Nc6 {[%clk
1:31:00]} 3. g3 {[%clk 1:30:34]} e5 {[%clk 1:30:52]} 4. Nc3 {[%clk 1:30:45]} g6
{[%clk 1:31:12]} 5. d3 {[%clk 1:31:01]} Bg7 {[%clk 1:31:29]} 6. Bg5 {[%clk
1:30:45]} f6 {[%clk 1:31:17]} 7. Be3 {[%clk 1:30:46]} d6 {[%clk 1:31:34]} 8. Qd2
{[%clk 1:30:32]} Be6 {[%clk 1:27:32]} 9. Bg2 {[%clk 1:30:01]} Rb8 {[%clk
1:22:29]} 10. O-O {[%clk 1:29:35]} Nge7 {[%clk 1:22:50]} 11. Bh6 {[%clk 1:28:50]}
O-O {[%clk 1:23:09]} 12. Bxg7 {[%clk 1:29:04]} Kxg7 {[%clk 1:23:29]} 13. Nh4
{[%clk 1:27:50]} d5 {[%clk 1:21:50]} 14. cxd5 {[%clk 1:28:00]} Nxd5 {[%clk
1:22:10]} 15. f4 {[%clk 1:25:46]} exf4 {[%clk 1:13:36]} 16. gxf4 {[%clk 1:25:02]}
Nde7 {[%clk 1:13:33]} 17. Ne4 {[%clk 1:17:02]} Rc8 {[%clk 1:13:20]} 18. e3 {[%clk
1:11:24]} b6 {[%clk 1:12:55]} 19. Ng3 {[%clk 1:04:26]} Bf7 {[%clk 0:59:07]} 20.
a3 {[%clk 0:56:45]} Qd7 {[%clk 0:57:48]} 21. Rad1 {[%clk 0:42:13]} Bb3 {[%clk
0:57:30]} 22. Rc1 {[%clk 0:41:52]} Rcd8 {[%clk 0:57:33]} 23. Rc3 {[%clk 0:41:54]}
Bf7 {[%clk 0:57:44]} 24. Qf2 {[%clk 0:33:49]} Rfe8 {[%clk 0:53:39]} 25. Re1
{[%clk 0:30:35]} a5 {[%clk 0:45:04]} 26. Ne4 {[%clk 0:27:42]} Nd5 {[%clk
0:42:22]} 27. Rc2 {[%clk 0:27:52]} Qe7 {[%clk 0:40:42]} 28. d4 {[%clk 0:23:30]}
f5 {[%clk 0:40:46]} 29. Qg3 {[%clk 0:18:29]} Nxe3 {[%clk 0:31:58]} 30. Rxe3
{[%clk 0:11:35]} Nxd4 {[%clk 0:32:08]} 31. Rd3 {[%clk 0:04:12]} Be6 {[%clk
0:31:29]} 32. Rxd4 {[%clk 0:03:47]} Rxd4 {[%clk 0:31:48]} 33. Nc3 {[%clk
0:03:24]} Qd6 {[%clk 0:28:29]} 34. Rf2 {[%clk 0:02:37]} Bd7 {[%clk 0:26:56]} 35.
Bf1 {[%clk 0:02:49]} Qf6 {[%clk 0:24:17]} 36. Nf3 {[%clk 0:03:01]} Re3 {[%clk
0:24:31]} 37. Re2 {[%clk 0:02:23]} Rxe2 {[%clk 0:21:34]} 38. Bxe2 {[%clk
0:02:52]} Rd6 {[%clk 0:21:52]} 39. Ne5 {[%clk 0:03:09]} Bc6 {[%clk 0:21:18]} 40.
Nxc6 {[%clk 0:30:52]} Rxc6 {[%clk 0:51:40]} 41. Bf3 {[%clk 0:29:35]} Qd4+ {[%clk
0:50:39]} 42. Qf2 {[%clk 0:20:44]} Re6 {[%clk 0:50:44]} 43. Qxd4+ {[%clk
0:18:07]} cxd4 {[%clk 0:51:05]} 44. Nd1 {[%clk 0:16:30]} h6 {[%clk 0:51:00]} 45.
h4 {[%clk 0:16:27]} Kf6 {[%clk 0:51:20]} 46. Nf2 {[%clk 0:15:17]} Re3 {[%clk
0:51:14]} 47. Kg2 {[%clk 0:13:40]} Rb3 {[%clk 0:51:03]} 48. Nd1 {[%clk 0:14:00]}
Rd3 {[%clk 0:51:15]} 49. Be2 {[%clk 0:13:06]} Rd2 {[%clk 0:51:30]} 50. Kf1 {[%clk
0:13:31]} d3 {[%clk 0:51:39]} 51. Bf3 {[%clk 0:13:48]} Rh2 {[%clk 0:49:25]} 52.
h5 {[%clk 0:13:29]} g5 {[%clk 0:49:35]} 53. fxg5+ {[%clk 0:12:50]} hxg5 {[%clk
0:49:54]} 54. Nf2 {[%clk 0:13:02]} g4 {[%clk 0:49:36]} 55. Bxg4 {[%clk 0:12:49]}
Rxf2+ {[%clk 0:49:58]} 0-1

[Event "Irena Warakomska Memorial A"]
[Site "Suwalki"]
[Date "2018.08.03"]
[Round "4"]
[White "Bugalski, Michal"]
[Black "Pietruszewski, Marcin"]
[Result "1/2-1/2"]
[Board "32"]
[WhiteElo "2263"]
[WhiteCountry "POL"]
[WhiteFideId "1122134"]
[WhiteEloChange "-2"]
[BlackElo "2208"]
[BlackCountry "POL"]
[BlackFideId "1170295"]
[BlackEloChange "2"]

1. e4 {[%clk 1:30:56]} c5 {[%clk 1:30:58]} 2. c3 {[%clk 1:31:21]} Nf6 {[%clk
1:31:25]} 3. e5 {[%clk 1:31:42]} Nd5 {[%clk 1:31:53]} 4. d4 {[%clk 1:32:05]} cxd4
{[%clk 1:32:21]} 5. Nf3 {[%clk 1:32:13]} d6 {[%clk 1:32:47]} 6. cxd4 {[%clk
1:32:31]} e6 {[%clk 1:33:13]} 7. Bc4 {[%clk 1:31:21]} Be7 {[%clk 1:33:40]} 8. O-O
{[%clk 1:31:33]} O-O {[%clk 1:34:07]} 9. Qe2 {[%clk 1:29:35]} b6 {[%clk 1:34:32]}
10. Bd2 {[%clk 1:24:48]} Bb7 {[%clk 1:28:58]} 11. Nc3 {[%clk 1:24:34]} Nd7 {[%clk
1:26:03]} 12. Bxd5 {[%clk 1:20:01]} exd5 {[%clk 1:23:30]} 13. e6 {[%clk 1:20:05]}
Nb8 {[%clk 1:23:50]} 14. Rfe1 {[%clk 1:10:11]} Na6 {[%clk 1:19:24]} 15. exf7+
{[%clk 0:58:13]} Rxf7 {[%clk 1:19:44]} 16. Nb5 {[%clk 0:57:19]} h6 {[%clk
1:08:46]} 17. a4 {[%clk 0:50:36]} Nb8 {[%clk 0:54:33]} 18. Ra3 {[%clk 0:34:49]}
Bf8 {[%clk 0:42:42]} 19. Qe8 {[%clk 0:17:52]} Nc6 {[%clk 0:40:54]} 20. Rae3
{[%clk 0:15:37]} a6 {[%clk 0:38:23]} 21. Qxd8 {[%clk 0:15:43]} Rxd8 {[%clk
0:38:33]} 22. Na3 {[%clk 0:13:29]} Nb8 {[%clk 0:37:12]} 23. h3 {[%clk 0:09:16]}
Bc6 {[%clk 0:17:04]} 24. b3 {[%clk 0:08:36]} Rc7 {[%clk 0:17:00]} 25. a5 {[%clk
0:05:48]} Nd7 {[%clk 0:11:13]} 26. Rc1 {[%clk 0:05:35]} b5 {[%clk 0:10:16]} 27.
Nc2 {[%clk 0:04:08]} Bb7 {[%clk 0:09:48]} 28. Nb4 {[%clk 0:04:29]} Rxc1+ {[%clk
0:06:50]} 29. Bxc1 {[%clk 0:04:58]} Rc8 {[%clk 0:07:14]} 30. Bd2 {[%clk 0:04:22]}
Nf6 {[%clk 0:07:41]} 31. Rc3 {[%clk 0:04:46]} Rxc3 {[%clk 0:08:06]} 32. Bxc3
{[%clk 0:05:12]} Ne4 {[%clk 0:08:25]} 33. Be1 {[%clk 0:05:38]} g5 {[%clk
0:08:52]} 34. Nh2 {[%clk 0:05:01]} Bg7 {[%clk 0:08:49]} 35. Nc2 {[%clk 0:05:26]}
Kf7 {[%clk 0:07:08]} 36. f3 {[%clk 0:05:31]} Nf6 {[%clk 0:05:18]} 37. Kf2 {[%clk
0:05:52]} Ke6 {[%clk 0:05:42]} 38. Ke3 {[%clk 0:06:08]} Nh5 {[%clk 0:05:50]} 39.
g3 {[%clk 0:06:07]} Nf6 {[%clk 0:01:56]} 40. Nb4 {[%clk 0:36:27]} h5 {[%clk
0:30:37]} 41. g4 {[%clk 0:28:16]} Kf7 {[%clk 0:16:43]} 42. h4 {[%clk 0:22:35]}
Kg6 {[%clk 0:15:19]} 43. hxg5 {[%clk 0:21:55]} Kxg5 {[%clk 0:15:44]} 44. f4+
{[%clk 0:22:20]} Kg6 {[%clk 0:16:10]} 45. g5 {[%clk 0:22:22]} Ne4 {[%clk
0:06:58]} 46. Nf3 {[%clk 0:11:38]} Kf5 {[%clk 0:07:23]} 47. Nh4+ {[%clk 0:11:37]}
Kg4 {[%clk 0:05:51]} 48. Ng6 {[%clk 0:10:54]} Nc5 {[%clk 0:00:34]} 49. dxc5
{[%clk 0:07:23]} d4+ {[%clk 0:00:55]} 50. Kd2 {[%clk 0:03:49]} dxc5 {[%clk
0:01:00]} 51. Nd3 {[%clk 0:04:14]} c4 {[%clk 0:00:33]} 52. Nc5 {[%clk 0:03:36]}
Bc6 {[%clk 0:00:32]} 53. Ne6 {[%clk 0:02:59]} Be4 {[%clk 0:00:30]} 54. Ne5+
{[%clk 0:02:20]} Bxe5 {[%clk 0:00:38]} 55. fxe5 {[%clk 0:02:48]} cxb3 {[%clk
0:00:32]} 56. Kc1 {[%clk 0:02:32]} h4 {[%clk 0:00:39]} 57. Nxd4 {[%clk 0:01:41]}
h3 {[%clk 0:00:57]} 58. Ne2 {[%clk 0:02:07]} h2 {[%clk 0:00:34]} 59. Ng3 {[%clk
0:02:33]} h1Q {[%clk 0:00:30]} 60. Nxh1 {[%clk 0:02:50]} Bxh1 {[%clk 0:01:00]}
61. g6 {[%clk 0:01:49]} Kf5 {[%clk 0:00:43]} 62. g7 {[%clk 0:01:44]} Bd5 {[%clk
0:01:11]} 63. Bc3 {[%clk 0:01:52]} Be6 {[%clk 0:00:38]} 64. Kd2 {[%clk 0:00:59]}
Kg6 {[%clk 0:00:37]} 65. Kd3 {[%clk 0:01:12]} Kxg7 {[%clk 0:00:50]} 66. Kd4
{[%clk 0:01:38]} b4 {[%clk 0:00:35]} 67. Bb2 {[%clk 0:02:03]} Kg6 {[%clk
0:00:50]} 68. Kc5 {[%clk 0:02:26]} Kf5 {[%clk 0:00:58]} 69. Kxb4 {[%clk 0:02:41]}
Ke4 {[%clk 0:00:40]} 70. Kc5 {[%clk 0:03:06]} Kf5 {[%clk 0:00:46]} 71. Kb6 {[%clk
0:03:20]} 1/2-1/2

[Event "Irena Warakomska Memorial A"]
[Site "Suwalki"]
[Date "2018.08.03"]
[Round "4"]
[White "Zielinski, Wojciech"]
[Black "Tarun V Kanth"]
[Result "1/2-1/2"]
[Board "41"]
[WhiteElo "2169"]
[WhiteCountry "POL"]
[WhiteFideId "1139568"]
[WhiteEloChange "-2"]
[BlackElo "2086"]
[BlackCountry "IND"]
[BlackFideId "25012185"]
[BlackEloChange "2"]

1. Nf3 {[%clk 1:30:57]} Nf6 {[%clk 1:30:52]} 2. b3 {[%clk 1:31:12]} g6 {[%clk
1:31:02]} 3. Bb2 {[%clk 1:31:33]} Bg7 {[%clk 1:31:46]} 4. e3 {[%clk 1:30:54]} O-O
{[%clk 1:31:46]} 5. c4 {[%clk 1:30:23]} d6 {[%clk 1:32:09]} 6. Be2 {[%clk
1:30:24]} e5 {[%clk 1:31:15]} 7. d4 {[%clk 1:28:46]} Nbd7 {[%clk 1:30:59]} 8. O-O
{[%clk 1:24:47]} Re8 {[%clk 1:30:22]} 9. h3 {[%clk 1:24:09]} e4 {[%clk 1:29:14]}
10. Nfd2 {[%clk 1:24:09]} h5 {[%clk 1:29:36]} 11. Nc3 {[%clk 1:21:38]} Nf8 {[%clk
1:29:35]} 12. Rc1 {[%clk 1:07:07]} c6 {[%clk 1:22:13]} 13. b4 {[%clk 0:59:57]} h4
{[%clk 1:21:53]} 14. Qc2 {[%clk 0:56:45]} Bf5 {[%clk 1:21:53]} 15. d5 {[%clk
0:56:45]} cxd5 {[%clk 1:01:46]} 16. Nxd5 {[%clk 0:55:59]} Nxd5 {[%clk 1:02:09]}
17. cxd5 {[%clk 0:56:51]} Bxb2 {[%clk 1:00:53]} 18. Qxb2 {[%clk 0:50:51]} Nh7
{[%clk 0:57:19]} 19. Nb3 {[%clk 0:44:52]} Re5 {[%clk 0:57:02]} 20. Rfd1 {[%clk
0:48:50]} Qd7 {[%clk 0:52:49]} 21. Kh2 {[%clk 0:41:24]} Ng5 {[%clk 0:39:31]} 22.
Bf1 {[%clk 0:39:25]} Rae8 {[%clk 0:19:53]} 1/2-1/2

[Event "Irena Warakomska Memorial A"]
[Site "Suwalki"]
[Date "2018.08.03"]
[Round "4"]
[White "Nowak, Lukasz"]
[Black "Karthik Venkataraman"]
[Result "1/2-1/2"]
[Board "44"]
[WhiteElo "2293"]
[WhiteCountry "POL"]
[WhiteFideId "1166760"]
[WhiteEloChange "6"]
[BlackElo "2514"]
[BlackTitle "IM"]
[BlackCountry "IND"]
[BlackFideId "25006479"]
[BlackEloChange "-3"]

1. e4 {[%clk 1:30:30]} c6 {[%clk 1:30:30]} 2. d4 {[%clk 1:30:30]} d5 {[%clk
1:30:30]} 3. Nd2 {[%clk 1:30:30]} dxe4 {[%clk 1:30:30]} 4. Nxe4 {[%clk 1:30:30]}
Nf6 {[%clk 1:30:30]} 5. Nxf6+ {[%clk 1:30:30]} exf6 {[%clk 1:30:30]} 6. c3 {[%clk
1:30:30]} Bf5 {[%clk 1:30:30]} 7. Bd3 {[%clk 1:30:30]} Bxd3 {[%clk 1:30:30]} 8.
Qxd3 {[%clk 1:30:30]} Bd6 {[%clk 1:30:30]} 9. Ne2 {[%clk 1:30:30]} O-O {[%clk
1:30:30]} 10. O-O {[%clk 1:30:30]} Qc7 {[%clk 1:30:30]} 11. Ng3 {[%clk 1:30:30]}
Re8 {[%clk 1:30:30]} 12. Bd2 {[%clk 1:30:30]} Nd7 {[%clk 1:30:30]} 13. Rae1
{[%clk 1:30:30]} Nf8 {[%clk 1:30:30]} 14. Re4 {[%clk 1:30:30]} Rxe4 {[%clk
1:30:30]} 15. Qxe4 {[%clk 1:30:30]} Bxg3 {[%clk 1:30:30]} 16. hxg3 {[%clk
1:30:30]} Qd7 {[%clk 1:30:30]} 17. Re1 {[%clk 1:30:30]} Ne6 {[%clk 1:30:30]} 18.
Bf4 {[%clk 1:30:30]} Re8 {[%clk 1:30:30]} 19. Qf3 {[%clk 1:28:44]} Nf8 {[%clk
1:29:10]} 20. Rxe8 {[%clk 1:28:12]} Qxe8 {[%clk 1:29:30]} 21. Qe3 {[%clk
1:27:56]} Qd8 {[%clk 1:29:24]} 22. Qe4 {[%clk 1:26:38]} Ne6 {[%clk 1:29:44]} 23.
Qc2 {[%clk 1:21:17]} h5 {[%clk 1:25:48]} 24. Qb3 {[%clk 1:19:58]} Qd7 {[%clk
1:26:08]} 25. Qa3 {[%clk 1:19:21]} Nxf4 {[%clk 1:11:32]} 26. gxf4 {[%clk
1:19:46]} Qf5 {[%clk 1:10:30]} 27. Qe7 {[%clk 1:15:42]} Qxf4 {[%clk 1:03:19]}
1/2-1/2

[Event "Irena Warakomska Memorial A"]
[Site "Suwalki"]
[Date "2018.08.06"]
[Round "7"]
[White "Fedorov, Alexei"]
[Black "Tomczak, Jacek"]
[Result "1/2-1/2"]
[Board "1"]
[WhiteElo "2572"]
[WhiteTitle "GM"]
[WhiteCountry "BLR"]
[WhiteFideId "13500465"]
[BlackElo "2600"]
[BlackTitle "GM"]
[BlackCountry "POL"]
[BlackFideId "1124668"]

1. e4 {[%clk 1:30:56]} c6 {[%clk 1:30:54]} 2. Nc3 {[%clk 1:30:43]} d5 {[%clk
1:31:14]} 3. Nf3 {[%clk 1:31:03]} Bg4 {[%clk 1:30:21]} 4. h3 {[%clk 1:31:16]}
Bxf3 {[%clk 1:30:45]} 5. Qxf3 {[%clk 1:31:37]} e6 {[%clk 1:31:05]} 6. d3 {[%clk
1:30:49]} Nd7 {[%clk 1:31:07]} 7. g3 {[%clk 1:30:42]} g6 {[%clk 1:17:42]} 8. Bg2
{[%clk 1:30:44]} Bg7 {[%clk 1:18:07]} 9. O-O {[%clk 1:30:27]} Ne7 {[%clk
1:17:55]} 10. Qe2 {[%clk 1:29:40]} O-O {[%clk 1:09:36]} 11. f4 {[%clk 1:26:27]}
1/2-1/2

[Event "Irena Warakomska Memorial A"]
[Site "Suwalki"]
[Date "2018.08.06"]
[Round "7"]
[White "Aleksandrov, Aleksej"]
[Black "Bernadskiy, Vitaliy"]
[Result "1/2-1/2"]
[Board "2"]
[WhiteElo "2580"]
[WhiteTitle "GM"]
[WhiteCountry "BLR"]
[WhiteFideId "13500139"]
[BlackElo "2586"]
[BlackTitle "GM"]
[BlackCountry "UKR"]
[BlackFideId "14100371"]

1. d4 {[%clk 1:30:58]} Nf6 {[%clk 1:25:29]} 2. c4 {[%clk 1:31:19]} g6 {[%clk
1:25:55]} 3. Nc3 {[%clk 1:31:41]} d5 {[%clk 1:26:21]} 4. cxd5 {[%clk 1:32:04]}
Nxd5 {[%clk 1:26:48]} 5. e4 {[%clk 1:32:28]} Nxc3 {[%clk 1:27:14]} 6. bxc3 {[%clk
1:32:53]} Bg7 {[%clk 1:27:41]} 7. Nf3 {[%clk 1:33:13]} c5 {[%clk 1:28:04]} 8.
Bb5+ {[%clk 1:33:15]} Nc6 {[%clk 1:26:38]} 9. Rb1 {[%clk 1:29:07]} O-O {[%clk
1:25:18]} 10. d5 {[%clk 1:29:23]} Bxc3+ {[%clk 1:20:46]} 11. Bd2 {[%clk 1:28:56]}
Bxd2+ {[%clk 1:20:30]} 12. Qxd2 {[%clk 1:29:21]} Nd4 {[%clk 1:20:45]} 13. Nxd4
{[%clk 1:29:39]} cxd4 {[%clk 1:21:12]} 14. Qxd4 {[%clk 1:26:27]} e6 {[%clk
1:14:39]} 15. d6 {[%clk 1:08:09]} e5 {[%clk 1:12:47]} 16. Qd2 {[%clk 1:04:09]}
Be6 {[%clk 1:12:51]} 17. O-O {[%clk 1:02:28]} Qf6 {[%clk 1:12:55]} 18. Ba4 {[%clk
0:55:42]} Rfd8 {[%clk 0:59:35]} 19. Rxb7 {[%clk 0:52:47]} Bc8 {[%clk 0:59:18]}
20. Re7 {[%clk 0:52:06]} Rxd6 {[%clk 0:59:05]} 21. Re8+ {[%clk 0:52:27]} Kg7
{[%clk 0:59:31]} 22. Qc3 {[%clk 0:02:59]} Bb7 {[%clk 0:58:25]} 23. Rxe5 {[%clk
0:03:15]} Bxe4 {[%clk 0:55:20]} 24. Rc5 {[%clk 0:01:55]} 1/2-1/2

[Event "Irena Warakomska Memorial A"]
[Site "Suwalki"]
[Date "2018.08.06"]
[Round "7"]
[White "Matviishen, Viktor"]
[Black "Nasuta, Grzegorz"]
[Result "1/2-1/2"]
[Board "3"]
[WhiteElo "2423"]
[WhiteTitle "IM"]
[WhiteCountry "UKR"]
[WhiteFideId "14129850"]
[WhiteEloChange "1"]
[BlackElo "2491"]
[BlackTitle "IM"]
[BlackCountry "POL"]
[BlackFideId "1141686"]
[BlackEloChange "-1"]

1. e4 {[%clk 1:30:57]} e5 {[%clk 1:29:28]} 2. Nf3 {[%clk 1:31:18]} Nc6 {[%clk
1:29:52]} 3. Bb5 {[%clk 1:31:42]} a6 {[%clk 1:30:18]} 4. Ba4 {[%clk 1:32:07]} Nf6
{[%clk 1:30:43]} 5. O-O {[%clk 1:32:27]} Be7 {[%clk 1:31:03]} 6. Re1 {[%clk
1:32:52]} b5 {[%clk 1:31:29]} 7. Bb3 {[%clk 1:33:19]} d6 {[%clk 1:31:51]} 8. c3
{[%clk 1:33:36]} O-O {[%clk 1:32:11]} 9. h3 {[%clk 1:34:01]} Nb8 {[%clk 1:32:36]}
10. d4 {[%clk 1:34:18]} Nbd7 {[%clk 1:32:51]} 11. Nbd2 {[%clk 1:34:29]} Bb7
{[%clk 1:33:14]} 12. Bc2 {[%clk 1:34:46]} Re8 {[%clk 1:33:30]} 13. Nf1 {[%clk
1:34:38]} Bf8 {[%clk 1:33:53]} 14. Ng3 {[%clk 1:34:51]} g6 {[%clk 1:34:17]} 15.
Nh2 {[%clk 1:32:26]} d5 {[%clk 1:10:33]} 16. dxe5 {[%clk 1:23:17]} Nxe4 {[%clk
1:03:21]} 17. Nxe4 {[%clk 1:23:24]} dxe4 {[%clk 1:03:43]} 18. Bxe4 {[%clk
1:07:35]} Bxe4 {[%clk 1:00:40]} 19. Rxe4 {[%clk 1:08:04]} Nxe5 {[%clk 0:52:45]}
20. Bf4 {[%clk 1:08:12]} Qxd1+ {[%clk 0:39:40]} 21. Rxd1 {[%clk 1:08:40]} Nc4
{[%clk 0:39:59]} 22. Rxe8 {[%clk 1:09:05]} Rxe8 {[%clk 0:40:23]} 23. b3 {[%clk
1:09:33]} Nd6 {[%clk 0:33:50]} 24. Nf3 {[%clk 1:06:26]} Re2 {[%clk 0:31:07]}
1/2-1/2

[Event "Irena Warakomska Memorial A"]
[Site "Suwalki"]
[Date "2018.08.06"]
[Round "7"]
[White "Ovsejevitsch, Sergei"]
[Black "Kosakowski, Jakub"]
[Result "1/2-1/2"]
[Board "4"]
[WhiteElo "2604"]
[WhiteTitle "GM"]
[WhiteCountry "UKR"]
[WhiteFideId "14101866"]
[WhiteEloChange "-3"]
[BlackElo "2324"]
[BlackTitle "FM"]
[BlackCountry "POL"]
[BlackFideId "1185080"]
[BlackEloChange "7"]

1. Nf3 {[%clk 1:30:46]} Nf6 {[%clk 1:30:43]} 2. c4 {[%clk 1:30:58]} g6 {[%clk
1:31:03]} 3. Nc3 {[%clk 1:31:10]} d5 {[%clk 1:31:23]} 4. cxd5 {[%clk 1:30:31]}
Nxd5 {[%clk 1:31:45]} 5. Qa4+ {[%clk 1:30:41]} Nc6 {[%clk 1:31:18]} 6. Ne5 {[%clk
1:26:45]} Qd6 {[%clk 1:31:22]} 7. Nxc6 {[%clk 1:26:35]} Qxc6 {[%clk 1:31:45]} 8.
Qxc6+ {[%clk 1:22:19]} bxc6 {[%clk 1:32:02]} 9. b3 {[%clk 1:14:49]} Bg7 {[%clk
1:32:09]} 10. Bb2 {[%clk 1:14:55]} Nxc3 {[%clk 1:24:55]} 11. Bxc3 {[%clk
1:13:43]} Bxc3 {[%clk 1:24:59]} 12. dxc3 {[%clk 1:14:01]} Be6 {[%clk 1:24:38]}
13. g3 {[%clk 1:03:57]} O-O-O {[%clk 1:23:19]} 14. e4 {[%clk 0:40:03]} Rd6 {[%clk
1:20:45]} 15. Rd1 {[%clk 0:39:09]} Rhd8 {[%clk 1:20:46]} 16. Ba6+ {[%clk
0:37:59]} Kb8 {[%clk 1:20:46]} 17. Rxd6 {[%clk 0:38:00]} cxd6 {[%clk 1:17:57]}
18. Ke2 {[%clk 0:33:05]} Kc7 {[%clk 1:17:40]} 19. Ke3 {[%clk 0:32:38]} Rb8 {[%clk
1:11:58]} 20. f4 {[%clk 0:30:24]} d5 {[%clk 1:08:37]} 21. Rd1 {[%clk 0:26:54]}
dxe4 {[%clk 1:07:40]} 22. Kxe4 {[%clk 0:26:40]} Rb6 {[%clk 1:07:47]} 23. Be2
{[%clk 0:24:50]} c5 {[%clk 1:06:45]} 24. Rd2 {[%clk 0:20:20]} Rd6 {[%clk
1:04:40]} 25. Rxd6 {[%clk 0:17:52]} exd6 {[%clk 1:04:49]} 26. g4 {[%clk 0:15:33]}
f5+ {[%clk 1:01:08]} 27. gxf5 {[%clk 0:15:33]} gxf5+ {[%clk 1:01:01]} 28. Kf3
{[%clk 0:08:34]} Kd7 {[%clk 0:57:27]} 29. Bd1 {[%clk 0:08:36]} h6 {[%clk
0:56:49]} 30. Bc2 {[%clk 0:07:05]} Ke7 {[%clk 0:54:13]} 31. a3 {[%clk 0:07:09]}
d5 {[%clk 0:43:14]} 32. Kg3 {[%clk 0:06:19]} Bd7 {[%clk 0:39:28]} 33. Bd3 {[%clk
0:04:37]} Ke6 {[%clk 0:35:32]} 34. Kf3 {[%clk 0:03:11]} a5 {[%clk 0:30:53]} 35.
Ke3 {[%clk 0:02:11]} Kd6 {[%clk 0:31:04]} 36. Kd2 {[%clk 0:02:28]} Be6 {[%clk
0:29:18]} 37. Bc2 {[%clk 0:02:40]} Bd7 {[%clk 0:26:34]} 38. Ke3 {[%clk 0:02:57]}
Bc8 {[%clk 0:25:50]} 39. Kf2 {[%clk 0:02:38]} Ke6 {[%clk 0:24:19]} 40. Ke3 {[%clk
0:31:31]} Ba6 {[%clk 0:54:02]} 41. Kd2 {[%clk 0:29:00]} Bc8 {[%clk 0:51:58]} 42.
Bd3 {[%clk 0:28:39]} Kd6 {[%clk 0:51:36]} 43. Ke2 {[%clk 0:28:21]} Bd7 {[%clk
0:51:14]} 44. Kf2 {[%clk 0:24:56]} Ke6 {[%clk 0:50:21]} 45. Kg3 {[%clk 0:20:32]}
Be8 {[%clk 0:47:24]} 46. Kh4 {[%clk 0:14:32]} Kf6 {[%clk 0:46:24]} 1/2-1/2

[Event "Irena Warakomska Memorial A"]
[Site "Suwalki"]
[Date "2018.08.06"]
[Round "7"]
[White "Vetoshko, Volodymyr"]
[Black "Leniart, Arkadiusz"]
[Result "0-1"]
[Board "7"]
[WhiteElo "2521"]
[WhiteTitle "GM"]
[WhiteCountry "UKR"]
[WhiteFideId "14122480"]
[WhiteEloChange "-5"]
[BlackElo "2489"]
[BlackTitle "IM"]
[BlackCountry "POL"]
[BlackFideId "1124226"]
[BlackEloChange "5"]

1. e4 {[%clk 1:30:51]} e5 {[%clk 1:30:47]} 2. Nf3 {[%clk 1:31:15]} Nc6 {[%clk
1:31:13]} 3. Bb5 {[%clk 1:31:42]} a6 {[%clk 1:31:38]} 4. Ba4 {[%clk 1:32:08]} Nf6
{[%clk 1:32:02]} 5. O-O {[%clk 1:32:34]} Be7 {[%clk 1:32:28]} 6. Re1 {[%clk
1:32:53]} b5 {[%clk 1:32:53]} 7. Bb3 {[%clk 1:33:20]} d6 {[%clk 1:33:19]} 8. c3
{[%clk 1:33:41]} O-O {[%clk 1:33:43]} 9. h3 {[%clk 1:34:09]} Nb8 {[%clk 1:34:01]}
10. d4 {[%clk 1:34:31]} Nbd7 {[%clk 1:34:25]} 11. Nbd2 {[%clk 1:34:21]} Bb7
{[%clk 1:34:48]} 12. Bc2 {[%clk 1:34:39]} Re8 {[%clk 1:35:13]} 13. a4 {[%clk
1:35:00]} Bf8 {[%clk 1:34:58]} 14. b3 {[%clk 1:34:41]} c6 {[%clk 1:34:40]} 15.
Bb2 {[%clk 1:33:14]} g6 {[%clk 1:28:04]} 16. b4 {[%clk 1:16:25]} Qc7 {[%clk
1:23:01]} 17. Nb3 {[%clk 0:54:22]} Rad8 {[%clk 1:13:45]} 18. Na5 {[%clk 0:53:48]}
Ba8 {[%clk 1:12:35]} 19. axb5 {[%clk 0:51:44]} axb5 {[%clk 1:12:35]} 20. c4
{[%clk 0:48:17]} exd4 {[%clk 0:57:31]} 21. Nxd4 {[%clk 0:36:24]} bxc4 {[%clk
0:56:54]} 22. Ba4 {[%clk 0:31:52]} Nxe4 {[%clk 0:35:43]} 23. Naxc6 {[%clk
0:24:46]} c3 {[%clk 0:35:44]} 24. Rc1 {[%clk 0:20:58]} Bxc6 {[%clk 0:28:06]} 25.
Nxc6 {[%clk 0:21:15]} Nxf2 {[%clk 0:21:52]} 26. Qc2 {[%clk 0:14:29]} cxb2 {[%clk
0:10:26]} 27. Ne7+ {[%clk 0:14:29]} Rxe7 {[%clk 0:10:35]} 28. Qxc7 {[%clk
0:14:43]} Nd3 {[%clk 0:10:01]} 29. Red1 {[%clk 0:04:23]} Nxc1 {[%clk 0:10:11]}
30. Bc2 {[%clk 0:03:22]} Rb8 {[%clk 0:10:26]} 31. Rxd6 {[%clk 0:02:53]} Re1+
{[%clk 0:09:54]} 32. Kh2 {[%clk 0:03:18]} Bxd6+ {[%clk 0:08:00]} 33. Qxd6 {[%clk
0:03:47]} Rc8 {[%clk 0:07:45]} 34. Bb1 {[%clk 0:02:58]} Nf8 {[%clk 0:07:23]} 35.
b5 {[%clk 0:02:53]} Ne2 {[%clk 0:04:46]} 36. Bd3 {[%clk 0:01:59]} b1Q {[%clk
0:03:47]} 0-1

[Event "Irena Warakomska Memorial A"]
[Site "Suwalki"]
[Date "2018.08.06"]
[Round "7"]
[White "Gleizerov, Evgeny"]
[Black "Yevseev, Denis"]
[Result "1/2-1/2"]
[Board "9"]
[WhiteElo "2513"]
[WhiteTitle "GM"]
[WhiteCountry "RUS"]
[WhiteFideId "4101332"]
[BlackElo "2513"]
[BlackTitle "GM"]
[BlackCountry "RUS"]
[BlackFideId "4126378"]

1. d4 {[%clk 1:30:57]} d5 {[%clk 1:30:51]} 2. c4 {[%clk 1:31:24]} c6 {[%clk
1:31:14]} 3. Nf3 {[%clk 1:31:51]} Nf6 {[%clk 1:31:37]} 4. Nc3 {[%clk 1:32:18]}
dxc4 {[%clk 1:31:55]} 5. a4 {[%clk 1:32:45]} Bf5 {[%clk 1:32:16]} 6. e3 {[%clk
1:33:11]} e6 {[%clk 1:32:38]} 7. Bxc4 {[%clk 1:33:39]} Bb4 {[%clk 1:32:59]} 8.
O-O {[%clk 1:34:05]} Nbd7 {[%clk 1:33:19]} 9. Nh4 {[%clk 1:34:31]} Bg6 {[%clk
1:33:37]} 10. Qb3 {[%clk 1:34:51]} a5 {[%clk 1:33:47]} 11. g3 {[%clk 1:35:17]}
Qb6 {[%clk 1:33:18]} 12. Nxg6 {[%clk 1:35:02]} hxg6 {[%clk 1:33:40]} 13. Rd1
{[%clk 1:35:29]} O-O {[%clk 1:33:39]} 14. Bf1 {[%clk 1:34:09]} e5 {[%clk
1:32:46]} 15. Bg2 {[%clk 1:33:19]} 1/2-1/2